Guess the merged nba player (easy) - Statistics

General Stats
  • This quiz has been taken 176 times
  • The average score is 8 of 16
Answer Stats
Picture Answer % Correct
Shaq and Kobe
100%
Carmelo and Lebron
78%
Tim and Dirk
76%
Steph and Klay
68%
John and Chris
55%
Russell and Damian
54%
Kyrie and Derrick
51%
Tim and Anthony
51%
Kevin and Kobe
50%
Kyrie and Paul
50%
Jimmy and Derrick
46%
Anthony and Chris
40%
Derrick and Jr
39%
Patrick and James
35%
Kyrie and Tristan
28%
Nate and Dwight
8%
No matching quizzes found
Score Distribution
Percent of People with Each Score
Percentile by Number Answered
Your Score History
You have not taken this quiz